เปลี่ยนเป็นภาษาไทย

Change to English
 แสดงรายละเอียดบรรณานุกรม
  กลับหน้าหลัก
ห้องสมุดโรงเรียนพะเยาพิทยาคม...ยินดีต้อนรับ...ทุกท่านเข้าสู่ระบบห้องสมุดอัตโนมัติ

Brief Record : Get Marc (ISO 2709) : E-mail record : QR code ปิดหน้าต่าง
หนังสืออ้างอิง : เกี่ยวกับ Collections
LEADER 00000nam 2200000uu 4500
001    13399115486
003     ULIBM
008    150331s2009||||th 000 0 tha d
020    ^a9781405322478
082    ^aR503^bD261S
100 0  ^aDavis Adam Hart
245    ^aScience:The Definitive Visval Guide /^cโดย Davis Adam Hart
250    ^aพิมพ์ครั้งที่ 1
260    ^aNew York :^bPK Publishing,^c2009
300    ^a512หน้า:^bภาพประกอบ;^c26ซม.
650    ^aScience
945    ^p0^l0^i43199
999     ^aปาริฉัตร์
 
คุณยังไม่ได้ล็อกอิน คุณสามารถมีกิจกรรมร่วมกับเว็บไซต์ได้ แต่ต้องล็อกอินก่อน ::
  ล็อกอิน
ลำดับที่ ประเภท เลขเรียก/บาร์โค้ด สถานที่ สถานะ
1. หนังสืออ้างอิง
หนังสืออ้างอิง
R503 D261S 2009  
  Barcode: 43199
ห้องสมุด
►มุมหนังสือซัมซุง
On Shelf
  ขอยืม
   [แสดง 1/1 รายการ]

หนังสือดีน่าอ่าน


“ดั่งดวงแก้ว ส่องสว่าง ทางสายงาม”


จัดทำขึ้นเพื่อเฉลิมพระเกียรติ สมเด็จพระเทพรัตนราชสุดา ฯ สยามบรมราชกุมารี 
เนื่องในโอกาสมหามงคลเฉลิมพระชนมพรรษา ๕ รอบ ๒ เมษายน ๒๕๕๘ 

โดยหนังสือเล่มนี้ได้รวบรวม ๖๐ พระอัจฉริยภาพของสมเด็จพระเทพ ฯ 
ผู้อ่านจะได้รับแรงบันดาลใจให้พากเพียรเรียนรู้และขยันอดทนทำการงาน
ตามรอยเบื้องพระยุคลบาท เพราะพระองค์ทรงเป็นแบบอย่างอันดีเยี่ยมในทุกด้าน 

ทั้งในความใฝ่รู้ใฝ่เรียน คุณธรรมจริยธรรม พระวิริยอุตสาหะในการทรงงาน 
และอื่นๆอีกมากมาย ล้วนสามารถสร้างแรงบันดาลใจให้แก่เด็กและเยาวชน

อีกทั้งประชาชนทั่วไป ให้พากเพียรเรียนรู้และขยันอดทนทำการงานตามรอยพระยุคลบาท 
เพื่อฝึกฝนตนเองให้เป็นคนดีคนเก่งของครอบครัวและสังคมต่อไป



รายการใกล้เคียง
    หัวเรื่อง [Science]

แสดงความเห็นเกี่ยวกับหนังสือเล่มนี้


ยังไม่เคยถูกคอมเมนท์

คอมเมนท์ทรัพยากรรายการนี้
  คอมเมนท์: ScienceThe Defin..

 
 
 

 

ห้องสมุดเฉลิมพระเกียรติกาญจนาภิเษก  โรงเรียนพะเยาพิทยาคม อำเภอเมือง จังหวัดพะเยา 56000

 E-mail  : Library_ppk@windowslive.com     Library Phayaopittayakom 05-4431-275 ต่อ 4621


 Union Library Management : ULibM
Copyright 2026. All Rights Reserved.